| 000 | 01570nam a2200373Ia 4500 | ||
|---|---|---|---|
| 001 | ebr10380897 | ||
| 003 | CaPaEBR | ||
| 006 | m u | ||
| 007 | cr cn||||||||| | ||
| 008 | 070314s2006 dcua sb i000 0 eng d | ||
| 040 |
_aCaPaEBR _cCaPaEBR |
||
| 035 | _a(OCoLC)694141209 | ||
| 050 | 1 | 4 |
_aHG3897 _b.B37 2006eb |
| 100 | 1 | _aBartolini, Leonardo. | |
| 245 | 1 | 0 |
_aMoney market integration _h[electronic resource] / _cprepared by Leonardo Bartolini, Spence Hilton, and Alessandro Prati. |
| 260 |
_a[Washington, D.C.] : _bInternational Monetary Fund, Research Dept., _c2006. |
||
| 300 |
_a26 p. : _bill. |
||
| 490 | 1 |
_aIMF working paper ; _vWP/06/207 |
|
| 500 | _a"September 2006." | ||
| 500 | _aCaption title. | ||
| 504 | _aIncludes bibliographical references. | ||
| 533 |
_aElectronic reproduction. _bPalo Alto, Calif. : _cebrary, _d2011. _nAvailable via World Wide Web. _nAccess may be limited to ebrary affiliated libraries. |
||
| 650 | 0 |
_aEuro-dollar market _xEconometric models. |
|
| 650 | 0 |
_aFederal funds market (United States) _xEconometric models. |
|
| 650 | 0 |
_aForeign exchange rates _xEconometric models. |
|
| 650 | 0 |
_aMoney market _xEconometric models. |
|
| 655 | 7 |
_aElectronic books. _2local |
|
| 700 | 1 | _aHilton, R. Spence. | |
| 700 | 1 |
_aPrati, Alessandro, _d1961- |
|
| 710 | 2 |
_aInternational Monetary Fund. _bResearch Dept. |
|
| 710 | 2 | _aebrary, Inc. | |
| 830 | 0 |
_aIMF working paper ; _vWP/06/207. |
|
| 856 | 4 | 0 |
_uhttp://site.ebrary.com/lib/rucke/Doc?id=10380897 _zAn electronic book accessible through the World Wide Web; click to view |
| 999 |
_c207104 _d207104 |
||